000 00464nam a2200193Ia 4500
005 20231103110340.0
008 140110s9999 xx 000 0 und d
020 _a9780751542974
_cRs.350.00
040 _aLoreto College
041 _aEnglish
082 _aF
_bSPA
100 _aSparks,Nicholas
245 4 _aThe best of me
_cNicholas Sparks
260 _aLondon
_bSphere
_c2011
300 _aix,292p.
650 _aFiction
850 _aLCLIB
942 _cBK
999 _c37695
_d88174